书目信息 |
| 题名: |
现代阻燃材料与技术
|
|
| 作者: | 钱立军 编著 | |
| 分册: | ||
| 出版信息: | 北京 化学工业出版社 2021.02 |
|
| 页数: | 455页 | |
| 开本: | 26cm | |
| 丛书名: | ||
| 单 册: | ||
| 中图分类: | TB35 | |
| 科图分类: | ||
| 主题词: | 防火材料--fang huo cai liao--基本知识 | |
| 电子资源: | ||
| ISBN: | 978-7-122-38591-8 | |
| 000 | 01245nam0 2200253 450 | |
| 001 | CAL 0120217173638 | |
| 005 | 20230217093112.0 | |
| 010 | @a978-7-122-38591-8@b精装@dCNY198.00 | |
| 100 | @a20210513d2021 em y0chiy0120 ea | |
| 101 | 0 | @achi |
| 102 | @aCN@b110000 | |
| 105 | @aa a 000yy | |
| 106 | @ar | |
| 200 | 1 | @a现代阻燃材料与技术@Axian dai zu ran cai liao yu ji shu@d= Modern flame retardant materials and technologies@f钱立军编著@zeng |
| 210 | @a北京@c化学工业出版社@d2021.02 | |
| 215 | @a455页@c图@d26cm | |
| 320 | @a有书目 | |
| 330 | @a本书共12章, 第1、2章简要介绍阻燃科学的价值、意义和发展历史、阻燃原理 ; 第3-6章依据作者及所在研究团队多年来的研究成果针对目前市面上常用的各种阻燃剂 (卤系、磷氮系、金属化合物、碳硅系等) 的性质进行详细的介绍 ; 第7-10章阐述新型环保阻燃剂在各类阻燃材料 (聚烯烃、橡胶、工程塑料等) 中的应用 ; 第11章全面介绍了阻燃检测与仪器 (极限氧指数、燃烧试验箱、锥形量热仪、微量热仪、烟密度、灼热丝等) ; 第12章针对阻燃材料与环境安全介绍了相关的政策法规。 | |
| 510 | 1 | @aModern flame retardant materials and technologies@zeng |
| 606 | 0 | @a防火材料@Afang huo cai liao@x基本知识 |
| 690 | @aTB35@v5 | |
| 701 | 0 | @a钱立军@Aqian li jun@4编著 |
| 801 | 0 | @aCN@bBJXHZP@c20230228 |
| 905 | @b1387698-9@dTB35@e638@f2 | |
| 现代阻燃材料与技术= Modern flame retardant materials and technologies/钱立军编著.-北京:化学工业出版社,2021.02 |
| 455页:图;26cm |
| ISBN 978-7-122-38591-8(精装):CNY198.00 |
| 本书共12章, 第1、2章简要介绍阻燃科学的价值、意义和发展历史、阻燃原理 ; 第3-6章依据作者及所在研究团队多年来的研究成果针对目前市面上常用的各种阻燃剂 (卤系、磷氮系、金属化合物、碳硅系等) 的性质进行详细的介绍 ; 第7-10章阐述新型环保阻燃剂在各类阻燃材料 (聚烯烃、橡胶、工程塑料等) 中的应用 ; 第11章全面介绍了阻燃检测与仪器 (极限氧指数、燃烧试验箱、锥形量热仪、微量热仪、烟密度、灼热丝等) ; 第12章针对阻燃材料与环境安全介绍了相关的政策法规。 |
| ● |
| 相关链接 |
|
|
|
|
正题名:现代阻燃材料与技术
索取号:TB35/638
 
预约/预借
| 序号 | 登录号 | 条形码 | 馆藏地/架位号 | 状态 | 备注 |
| 1 | 1387698 | 213876983 | 第二样本阅览室/ [索取号:TB35/638] | 在馆 | |
| 2 | 1387699 | 213876992 | 第三借阅区/ [索取号:TB35/638] | 在馆 |